Mr. Sell on Islam and Other Tracts (Record no. 1107)

MARC details
000 -LEADER
fixed length control field 00448nam a2200157 a 4500
082 00 - DEWEY DECIMAL CLASSIFICATION NUMBER
Classification number 297.297
Author Cutter MOH
100 ## - MAIN ENTRY--AUTHOR NAME
Author name Mohammadan Tracts And, Book Depot
245 ## - TITLE STATEMENT
Title Mr. Sell on Islam and Other Tracts
260 ## - PUBLICATION, DISTRIBUTION, ETC. (IMPRINT)
Place of publication Lahore
Name of publisher Muhammadan Tracts & Book Depot
Year of publication 0000
300 ## - PHYSICAL DESCRIPTION
Number of Pages 97p
500 ## - GENERAL NOTE
General note includes index and biblioraphy
505 2# - FORMATTED CONTENTS NOTE
Formatted contents note Index, Illus
650 ## - SUBJECT ADDED ENTRY--TOPICAL TERM
Topical Term Islam-Apologetic Works
942 ## - ADDED ENTRY ELEMENTS (KOHA)
Koha item type Books
700 1# -
-- Mohammadan Tracts And, Book Depot
Holdings
Home library Current library Date acquired Cost, normal purchase price Full call number Accession Number Koha item type
Henry Martyn Institute Library Henry Martyn Institute Library 07/26/2007 100.00 297.297 MOH 01563 E-Books
                   Copyright © 2026 | Henry Martyn Institute | Hyderabad | TS-500052 | INDIA | Implemented by hmi.edu.in
Hit-Count:

Powered by Koha